[Event "Helsingor Xtracon op"]
[Site "Helsingor"]
[Date "2019.07.27"]
[Round "9"]
[White "Moller, Arne Vagn"]
[Black "Wheat, Bob"]
[Result "1-0"]
[WhiteElo "1872"]
[BlackElo "1702"]
[PlyCount "71"]
[EventDate "2019.07.20"]
[EventType "swiss"]
[EventRounds "10"]
[EventCountry "DEN"]
[SourceTitle "CBM 191 Extra"]
[Source "ChessBase"]
[SourceDate "2019.09.30"]
[SourceVersion "1"]
[SourceVersionDate "2019.09.30"]
[SourceQuality "1"]

1. e4 c5 2. Nf3 g6 3. c3 Nf6 4. d3 Bg7 5. h3 Nc6 6. Be3 d6 7. Be2 0-0 8. Na3 b6 9. Nc2 Bb7 10. Qd2 e5 11. Bh6 d5 12. Bxg7 Kxg7 13. exd5 Nxd5 14. 0-0-0 Rc8 15. Kb1 a6 16. h4 h5 17. g4 Qf6 18. gxh5 Qf4 19. Qe1 Rh8 20. hxg6 fxg6 21. Ng5 Rce8 22. f3 Nf6 23. Qf2 Bc8 24. Rdg1 Rh5 25. Qg2 Bf5 26. Ne4 Rd8 27. Ng3 Rh6 28. Nxf5+ Qxf5 29. Ne3 Qf4 30. Ng4 Rh7 31. Nxf6 Qxf6 32. h5 Ne7 33. Qg4 b5 34. Rh2 Kf7 35. hxg6+ Qxg6 36. Qxg6+ 1-0